Statistics for Las Vegas Casinos Quiz

Click here to take the quiz!

General Stats

  • This quiz has been taken 23,286 times
    (3,331 since last reset)
  • The average score is 14 of 49

Answer Stats

Year Casino % Correct
1998Bellagio
76%
1993MGM Grand
76%
1966Caesar's Palace
74%
1993Luxor
67%
1999Paris
66%
1997New York New York
61%
1999Venetian
53%
1968Circus Circus
50%
1946Flamingo
48%
2005Wynn
48%
1999Mandalay Bay
44%
1989The Mirage
41%
1993Treasure Island
40%
1990Excalibur
40%
1946Golden Nugget
39%
1996Strat
38%
2009Aria
33%
2007Planet Hollywood
31%
1973Bally's
30%
2010The Cosmopolitan
29%
1973Harrah's
29%
1990Rio
28%
1957Tropicana
28%
2008Encore
26%
1969Westgate
25%
1996Park MGM
(formerly Monte Carlo)
23%
1952Sahara
22%
2008The Palazzo
21%
2001The Palms
20%
2014The Linq / O'Shea's
19%
2004OYO
19%
1951Binion's
18%
1966Four Queens
15%
1979The D
13%
1956Fremont
13%
1996The Orleans
12%
1979Casino Royale
11%
1971Plaza
11%
1975California
11%
1979The Cromwell
11%
1941El Cortez
10%
1906Golden Gate
9%
2013Downtown Grand
9%
1976Palace Station
8%
1977Main Street Station
8%
1986Gold Coast
8%
2002Tuscany
7%
1979Ellis Island
6%
2000Silver Sevens
6%

Score Distribution

Percentile by Number Answered

Percent of People with Each Score

Your Score History

You have not taken this quiz since the last reset